000 00723nam a2200253Ia 4500
003 OSt
005 20221005032004.0
006 a|||||r|||| 00| 0
007 ta
008 221004b |||||||| |||| 00| 0 tam d
020 _c3.50
024 _a64951
037 _cTextual
040 _aCRL
_cCRL
_btam
041 _2tam
_atam
082 _aO155,3NBA,1, 31K6;1
100 _aRamnath Sarasvathi Tr.
_9584633
245 0 _aDevadasi
_b Marathi Novel
260 _aChennai
_bThamizh Ezhuthalar Kootturavu Sangam Ltd India
_c1966
300 _a236p.
_ccm.
650 _aMARATHI LITERATURE
_938000
942 _hO155,3NBA,1, 31K6;1
_cTEXL
_2cc
999 _c938874
_d938874